[Event "BL2-Ost 2223"]
[Site "Germany"]
[Date "2023.03.19"]
[Round "10.6"]
[White "Kabatianski, Alexander"]
[Black "Pulpan, Jakub"]
[Result "0-1"]
[WhiteElo "2359"]
[BlackElo "2410"]
[PlyCount "64"]
[EventDate "2022.10.22"]
[EventType "team-tourn"]
[EventRounds "10"]
[EventCountry "GER"]
[SourceTitle "EXT 2024"]
[Source "ChessBase"]
[SourceDate "2023.10.10"]
[SourceVersion "1"]
[SourceVersionDate "2023.10.10"]
[SourceQuality "1"]
[WhiteTeam "Nuernberg NT"]
[BlackTeam "Nickelhuette Aue"]
[WhiteTeamCountry "GER"]
[BlackTeamCountry "GER"]

1. d4 Nf6 2. c4 e6 3. g3 d5 4. Bg2 Be7 5. Nf3 0-0 6. 0-0 dxc4 7. Qc2 a6 8. a4 Bd7 9. Qxc4 Bc6 10. Bf4 Bd6 11. Nc3 Nbd7 12. Bg5 h6 13. Bxf6 Nxf6 14. Ne5 Bxg2 15. Kxg2 c5 16. Rfd1 cxd4 17. Qxd4 Bxe5 18. Qxe5 Qb6 19. Qd4 Qxb2 20. Rab1 Qc2 21. Rxb7 Rac8 22. Rd3 e5 23. Qxe5 Rfe8 24. Qd4 Rxe2 25. Nxe2 Qc6+ 26. f3 Qxb7 27. Nf4 Qc6 28. Rd2 a5 29. Rb2 Re8 30. Ne2 Nd5 31. Kf2 Ne3 32. Nf4 Qc1 0-1

[Event "BL2-West 1415"]
[Site "Germany"]
[Date "2015.03.15"]
[Round "8.2"]
[White "Kabatianski, Alexander"]
[Black "Vandenbussche, Thibaut"]
[Result "0-1"]
[WhiteElo "2399"]
[BlackElo "2411"]
[PlyCount "58"]
[EventDate "2014.09.21"]
[EventType "team-tourn"]
[EventRounds "9"]
[EventCountry "GER"]
[SourceTitle "CBM 166 Extra"]
[Source "ChessBase"]
[SourceDate "2015.06.18"]
[SourceVersion "1"]
[SourceVersionDate "2015.06.18"]
[SourceQuality "1"]
[WhiteTeam "Emsdetten Turm II"]
[BlackTeam "Aachen SV"]
[WhiteTeamCountry "GER"]
[BlackTeamCountry "GER"]

1. d4 Nf6 2. c4 c5 3. Nf3 g6 4. Nc3 Bg7 5. g3 0-0 6. Bg2 d6 7. 0-0 Nc6 8. dxc5 dxc5 9. Bf4 Be6 10. Ne5 Na5 11. Qa4 Nh5 12. Rad1 Qb6 13. Nd5 Bxd5 14. Rxd5 Nxf4 15. gxf4 Bxe5 16. fxe5 Rad8 17. Rfd1 Nc6 18. Qb5 Qxb5 19. cxb5 Nd4 20. e3 Rxd5 21. Bxd5 Rd8 22. Bxf7+ Kxf7 23. exd4 cxd4 24. f4 Ke6 25. Kf2 Kf5 26. Kf3 h6 27. h4 d3 28. Rd2 e6 29. b3 b6 0-1

[Event "NED-chT 1314"]
[Site "Netherlands"]
[Date "2014.03.08"]
[Round "6.8"]
[White "Kabatianski, Alexander"]
[Black "Van der Stricht, Geert"]
[Result "1-0"]
[WhiteElo "2410"]
[BlackElo "2374"]
[PlyCount "107"]
[EventDate "2013.09.21"]
[EventType "team-tourn"]
[EventRounds "9"]
[EventCountry "NED"]
[SourceTitle "EXT 2015"]
[Source "ChessBase"]
[SourceDate "2014.11.20"]
[SourceVersion "1"]
[SourceVersionDate "2014.11.20"]
[SourceQuality "1"]
[WhiteTeam "Apeldoorn"]
[BlackTeam "Calder HMC"]
[WhiteTeamCountry "NED"]
[BlackTeamCountry "NED"]

1. d4 d5 2. c4 c6 3. Nc3 Nf6 4. e3 e6 5. Nf3 Nbd7 6. Qc2 Bd6 7. Bd3 0-0 8. 0-0 dxc4 9. Bxc4 b5 10. Bd3 Bb7 11. Rd1 Qe7 12. Ng5 Bxh2+ 13. Kxh2 Ng4+ 14. Kg1 Qxg5 15. f3 Ngf6 16. e4 Qh4 17. Be3 e5 18. Ne2 Rfd8 19. a4 a6 20. axb5 axb5 21. Rxa8 Rxa8 22. Qc3 Nh5 23. dxe5 Ng3 24. Nxg3 Qxg3 25. Be2 Nxe5 26. Bf2 Qg5 27. f4 Qxf4 28. Bg3 Qxe4 29. Qxe5 Qxe5 30. Bxe5 Re8 31. Bf3 f6 32. Bc3 Kf7 33. Bb4 Kg6 34. Rd7 Ba8 35. Bc5 h5 36. Kf2 Kh6 37. b4 g5 38. Rd6 g4 39. Bxc6 Bxc6 40. Rxf6+ Kg5 41. Rxc6 h4 42. Bd6 g3+ 43. Kf3 Re1 44. Bf4+ Kf5 45. Rc5+ Ke6 46. Rh5 Rf1+ 47. Kg4 Rf2 48. Rxh4 Rxg2 49. Bxg3 Rb2 50. Kf3 Rb3+ 51. Kg2 Kd5 52. Bf2 Rc3 53. Kf1 Rc2 54. Ke1 1-0

[Event "BL2-West 1213"]
[Site "Germany"]
[Date "2013.03.17"]
[Round "8.1"]
[White "Sprenger, Jan Michael"]
[Black "Kabatianski, Alexander"]
[Result "1/2-1/2"]
[WhiteElo "2491"]
[BlackElo "2404"]
[PlyCount "97"]
[EventDate "2012.10.14"]
[EventType "team-tourn"]
[EventRounds "9"]
[EventCountry "GER"]
[SourceTitle "CBM 154 Extra"]
[Source "ChessBase"]
[SourceDate "2013.06.25"]
[SourceVersion "2"]
[SourceVersionDate "2013.06.25"]
[SourceQuality "1"]
[WhiteTeam "Godesberg"]
[BlackTeam "Emsdetten Turm II"]
[WhiteTeamCountry "GER"]
[BlackTeamCountry "GER"]

1. e4 c5 2. Nf3 e6 3. d4 cxd4 4. Nxd4 Nc6 5. Nc3 Qc7 6. g3 a6 7. Bg2 d6 8. 0-0 Be7 9. Re1 Bd7 10. Nxc6 Bxc6 11. Qg4 h5 12. Qe2 h4 13. a4 hxg3 14. hxg3 Nf6 15. Be3 Rc8 16. a5 e5 17. Bb6 Qd7 18. Rad1 g6 19. Rd2 Kf8 20. Red1 Qg4 21. Qxg4 Nxg4 22. Bf1 Kg7 23. f3 Nf6 24. Rh2 Rxh2 25. Kxh2 Bd7 26. Rd2 Be6 27. Kg1 Nd7 28. Bf2 Bd8 29. Rxd6 Bxa5 30. Be1 Kf8 31. Rd1 Nb6 32. Ra1 Bb4 33. Na4 Bxe1 34. Nxb6 Rc6 35. Rxe1 Rxb6 36. b3 Rd6 37. Kf2 Rd2+ 38. Re2 Rxe2+ 39. Kxe2 Ke7 40. Kd2 a5 41. Kc3 Kd6 42. b4 b6 43. Bb5 f6 44. Be8 g5 45. g4 Bg8 46. Bb5 Bf7 47. Bd3 Be8 48. Kb3 Bd7 49. Be2 1/2-1/2